El poder de las palabras : (Registro nro. 8207)

Detalles MARC
000 -CABECERA
campo de control de longitud fija 00732nam a2200241 4500
003 - IDENTIFICADOR DEL NÚMERO DE CONTROL
campo de control DO-SdBJH
005 - FECHA Y HORA DE LA ÚLTIMA TRANSACCIÓN
campo de control 20250526150743.0
008 - DATOS DE LONGITUD FIJA--INFORMACIÓN GENERAL
campo de control de longitud fija 250522b2022 sp a|||| |||| 00| 0 spa d
020 ## - NÚMERO INTERNACIONAL ESTÁNDAR DEL LIBRO
Número Internacional Estándar del Libro 978-8418006-49-4
040 ## - FUENTE DE LA CATALOGACIÓN
Centro catalogador/agencia de origen DO-SdBJH
Lengua de catalogación spa
Centro/agencia transcriptor DO-SdBJH
041 ## - CÓDIGO DE LENGUA
Código de lengua del texto/banda sonora o título independiente spa
082 ## - NÚMERO DE LA CLASIFICACIÓN DECIMAL DEWEY
Número de clasificación 302.2 S577 2022
100 ## - ENTRADA PRINCIPAL--NOMBRE DE PERSONA
Autor Personal Sigman, Mariano
245 13 - MENCIÓN DE TÍTULO
Título El poder de las palabras :
Resto del título cómo cambiar tu cerebro (y tu vida) conversando /
Mención de responsabilidad, etc. Mariano Sigman,
250 ## - MENCIÓN DE EDICIÓN
Resto de la mención de edición Reimpresión 2023
260 ## - PUBLICACIÓN, DISTRIBUCIÓN, ETC.
Lugar de publicación, distribución, etc. España :
Nombre del editor, distribuidor, etc. Debate,
Fecha de publicación, distribución, etc. 2022.
300 ## - DESCRIPCIÓN FÍSICA
Extensión 347 páginas :
Otras características físicas ilustraciones.
490 ## - MENCIÓN DE SERIE
Mención de serie Ciencia
504 ## - NOTA DE BIBLIOGRAFÍA, ETC.
Nota de bibliografía, etc. Incluye bibliografía en código QR.
650 #7 - PUNTO DE ACCESO ADICIONAL DE MATERIA--TÉRMINO DE MATERIA
Fuente del encabezamiento o término sears
Término de materia o nombre geográfico como elemento de entrada Comunicación
Subdivisión general Psicología
700 ## - PUNTO DE ACCESO ADICIONAL--NOMBRE DE PERSONA
Rol del Coautor sustentante
942 ## - ELEMENTOS DE PUNTO DE ACCESO ADICIONAL (KOHA)
Fuente del sistema de clasificación o colocación Dewey Decimal Classification
Tipo de ítem Koha Libros
Catalogador Elizabeth Figueroa
Existencias
Estado de retiro Estado de pérdida Fuente del sistema de clasificación o colocación Estado dañado No para préstamo Código de colección Localización permanente Ubicación/localización actual Ubicación en estantería Fecha de adquisición Número de inventario Total de préstamos Signatura topográfica completa Código de barras Fecha visto por última vez Número de copia Precio válido a partir de Tipo de ítem Koha
    Dewey Decimal Classification     Colección General SIBM UNADE - Biblioteca Sede Central SIBM UNADE - Biblioteca Sede Central En estantería 05/26/2025 25-03199   302.2 S577 2022 25-03199 05/26/2025 e.1 05/26/2025 Libros
© Copyright 2016. Universidad Nacional para la Defensa.Todos los derechos reservados.

 

Designed & Maintained by: https://www.sibdweb.com.do
Sistema de Información & Bibliotecas (SIBD). Contact: pbrito2005@gmail.com